| 000 | 00319nam a22001217a 4500 | ||
|---|---|---|---|
| 008 | 230623b xxu||||| |||| 00| 0 eng d | ||
| 020 | _a0333279921 | ||
| 082 |
_a330.01 _bLEA 1983 |
||
| 245 | _aCasebooks on Economic Principles | ||
| 260 |
_aLondon _bMacmillan Education Limited _c1983 |
||
| 300 | _a47p | ||
| 942 |
_2ddc _cBK |
||
| 999 |
_c2556 _d2556 |
||